000 00415nam a22001217a 4500
040 _cRUA
082 _aANI PHE 2022 C160 Or.
100 _aPHEM MENGHAK, ភឹម ម៉េងហាក់
245 _aAnimal Genetics And Breeding, សេនេទិច និងបង្កាត់ពូជសត្វ.
260 _aPHNOM PENH
_bRUA
_c20227
300 _ai.70p.
_bill.
_c29cm.
942 _cសៀវភៅគោល
999 _c25526
_d25526